Producción comercial de cebollas y guisantes / (Record no. 187714)

MARC details
000 -LEADER
campo de control de longitud fija 00758nam a2200229 i 4500
001 - NÚMERO DE CONTROL
campo de control 187714
003 - IDENTIFICADOR DE NÚMERO DE CONTROL
campo de control ES-MaACL
005 - FECHA Y HORA DE LA ÚLTIMA TRANSACCIÓN
campo de control 20230906223019.0
008 - DATOS DE LONGITUD FIJA--INFORMACIÓN GENERAL
campo de control de longitud fija 180202s1971 sp |||| | spa d
100 1# - ENTRADA PRINCIPAL--NOMBRE DE PERSONA
Nombre de persona Hume, W. G.
9 (RLIN) 164168
245 10 - MENCIÓN DEL TÍTULO
Título Producción comercial de cebollas y guisantes /
Mención de responsabilidad, etc. W.G. Hume, K.V. Kramp ; traducido del inglés por Luis Heras Cobo.
260 ## - PUBLICACIÓN, DISTRIBUCIÓN, ETC.
Lugar de publicación, distribución, etc. Zaragoza :
Nombre del editor, distribuidor, etc. Acribia,
Fecha de publicación, distribución, etc. [1971]
300 ## - DESCRIPCIÓN FÍSICA
Extensión 176 p. 4 lám. ;
Dimensiones 19 cm.
490 1# - MENCIÓN DE SERIE
Mención de serie Manuales de Técnica Agropecuaria
650 #4 - PUNTO DE ACCESO ADICIONAL DE MATERIA--TÉRMINO DE MATERIA
Término de materia o nombre geográfico como elemento de entrada Cebollas.
9 (RLIN) 164170
650 #4 - PUNTO DE ACCESO ADICIONAL DE MATERIA--TÉRMINO DE MATERIA
Término de materia o nombre geográfico como elemento de entrada Guisantes.
9 (RLIN) 164171
700 1# - ENTRADA AGREGADA--NOMBRE PERSONAL
Nombre de persona Kramp, K. V.
9 (RLIN) 164172
700 0# - ENTRADA AGREGADA--NOMBRE PERSONAL
Nombre de persona Heras Cobo, Luis.
9 (RLIN) 62642
830 0# - PUNTO DE ACCESO ADICIONAL DE SERIE-TÍTULO UNIFORME
Título uniforme Manuales de Técnica Agropecuaria
9 (RLIN) 183378
852 ## - LOCALIZACIÓN
Ubicación ES-MaACL
Número de control de estantería C-45400
Holdings
Estatus retirado Estado de pérdida Estado de daño No para préstamo Biblioteca de origen Biblioteca actual Ubicación en estantería Fecha de adquisición Fuente de adquisición Total de préstamos Signatura topográfica completa Código de barras Visto por última vez Precio de reemplazo Tipo de ítem Koha
        Biblioteca del Ateneo de Madrid Biblioteca del Ateneo de Madrid Depósito 2 09/08/2018     C-45400 1199220 23/02/2023 23/02/2023 Libro impreso